Statistics for Famous LGBT+ People

Click here to take the quiz!

General Stats

  • This quiz has been taken 511 times
  • The average score is 7 of 14

Answer Stats

OccupationYearsLGBT+?Answer% Correct
Artist-Mona Lisa1452-1519*GayLeonardo da Vinci
89%
Talk Show Host1958-presentLesbianEllen Degeneres
82%
Musician-Born This Way1986-presentBisexualLady Gaga
81%
Musician-Queen1946-1991GayFreddie Mercury
77%
Actor-How I Met Your Mother1973-presentGayNeil Patrick Harris
54%
Computer Scientist-WW21912-1954GayAlan Turing
50%
Emperor-Greece356-323 BC*BisexualAlexander the Great
45%
Athlete-Olympic Runner1949-presentTransgenderCaitlyn Jenner
38%
Artist-Sistine Chapel1475-1564*GayMichaelangelo
38%
Politician-San Francisco1930-1978GayHarvey Milk
36%
Musician-Green Day1972-presentBisexualBillie Joe Armstrong
28%
Poet-De Profundis1854-1900*GayOscar Wilde
25%
Poet-Leaves of Grass1819-1892*GayWalt Whitman
20%
Writer-Tender Buttons1874-1946*BisexualGertrude Stein
5%

Score Distribution

Percentile by Number Answered

Percent of People with Each Score

Your Score History

You have not taken this quiz